Vedic bibliography / (Record no. 20386)
[ view plain ]
| 000 -LEADER | |
|---|---|
| fixed length control field | 00956nam a22002415a 4500 |
| 005 - DATE AND TIME OF LATEST TRANSACTION | |
| control field | 20080811235115.0 |
| 008 - FIXED-LENGTH DATA ELEMENTS--GENERAL INFORMATION | |
| fixed length control field | 080618r20071931ii b 000 0 fre |
| 010 ## - LCCN (DPL NO) | |
| LC control number | ENG-92316 |
| 020 ## - INTERNATIONAL STANDARD BOOK NUMBER | |
| International Standard Book Number | 9788188643226 |
| Terms of availability | 1000.00 |
| 035 ## - SYSTEM CONTROL NUMBER | |
| System control number | EN-75849 |
| 040 ## - CATALOGING SOURCE | |
| Original cataloging agency | dpl |
| Language of cataloging | English |
| 082 ## - DEWEY DECIMAL CLASSIFICATION NUMBER | |
| Classification number | 016.22021 |
| 100 ## - MAIN ENTRY--PERSONAL NAME | |
| Personal name | Renou, Louis, |
| 245 ## - TITLE STATEMENT | |
| Title | Vedic bibliography / |
| Statement of responsibility, etc | by Louis Renou ; foreword by Lokesh Chandra. |
| 260 ## - PUBLICATION, DISTRIBUTION, ETC. (IMPRINT) | |
| Place of publication, distribution, etc | New Delhi |
| Name of publisher, distributor, etc | Akshaya Prakashan |
| Date of publication, distribution, etc | 2007 |
| 300 ## - PHYSICAL DESCRIPTION | |
| Extent | v, 339 p. |
| Dimensions | 28 cm (Hb) |
| 500 ## - GENERAL NOTE | |
| General note | Originally published: Paris, 1931. |
| 546 ## - LANGUAGE NOTE | |
| Language note | Includes text in English and Sanskrit |
| Information code or alphabet | (Sanskrit in roman). |
| 650 ## - SUBJECT ADDED ENTRY--TOPICAL TERM | |
| Topical term or geographic name as entry element | Vedic literature |
| Form subdivision | Bibliography. |
| 650 ## - SUBJECT ADDED ENTRY--TOPICAL TERM | |
| Topical term or geographic name as entry element | Civilization, Hindu |
| Form subdivision | Bibliography. |
| 942 ## - ADDED ENTRY ELEMENTS (KOHA) | |
| Source of classification or shelving scheme | Dewey Decimal Classification |
| Item type | English Books |
| Call number suffix | REN |
| Classification part | 016.22021 |
| Withdrawn status | Lost status | Source of classification or shelving scheme | Damaged status | Not for loan | Collection code | Home library | Current library | Date acquired | Source of acquisition | Cost, normal purchase price | Total Checkouts | Full call number | Barcode | Date last seen | Copy number | Cost, replacement price | Koha item type |
|---|---|---|---|---|---|---|---|---|---|---|---|---|---|---|---|---|---|
| Dewey Decimal Classification | Not For Loan | Non-fiction | D.B.Act.Division | D.B.Act.Division | 01/01/2009 | DBAD / PUB | 1000.00 | 016.22021 REN | EN-75849 | 30/12/2008 | 1 | 1000.00 | English Books |
